header

America's theologian (Record no. 90187)

MARC details
000 -LEADER
fixed length control field 01212nam a2200301Ia 4500
082 04 - DEWEY DECIMAL CLASSIFICATION NUMBER
Classification number 230/.58/0924
100 1# - MAIN ENTRY--AUTHOR NAME
Personal name Jenson, Robert W.
245 10 - TITLE STATEMENT
Title America's theologian
260 ## - PUBLICATION, DISTRIBUTION, ETC. (IMPRINT)
Place of publication New York ;
-- Toronto :
Name of publisher Oxford University Press,
Year of publication 1988.
300 ## - PHYSICAL DESCRIPTION
Number of Pages xii, 224 p.
650 #0 - SUBJECT ADDED ENTRY--TOPICAL TERM
Topical Term Congregationalists
856 40 - ELECTRONIC LOCATION AND ACCESS
Uniform Resource Identifier http://site.ebrary.com/lib/rucke/Doc?id=10142134

No items available.

© 2026 Rongo University
Contact us: librarian | system librarian | Rongo university